The Lead Sheet Association (Record no. 120925)

MARC details
000 -LEADER
fixed length control field 01102cai a22002055a 4500
001 - CONTROL NUMBER
control field L153647
008 - FIXED-LENGTH DATA ELEMENTS--GENERAL INFORMATION
fixed length control field 110812u xxk g 000 0 eng d
035 ## - SYSTEM CONTROL NUMBER
System control number (Sirsi) u153647
041 0# - LANGUAGE CODE
Language code of text/sound track or separate title eng
110 2# - MAIN ENTRY--CORPORATE NAME
Corporate name or jurisdiction name as entry element Lead Sheet Association
9 (RLIN) 4237
245 04 - TITLE STATEMENT
Title The Lead Sheet Association
Medium [electronic resource]
520 ## - SUMMARY, ETC.
Summary, etc. The Lead Sheet Association (LSA) is the foremost independent technical authority on the design, specification and application of Rolled Lead Sheet to BS EN 12588:2006 in the construction industry; expert in specification guidance, application techniques and on-site advice in all matters relating to Rolled Lead Sheet, and the training opportunities available to become skilled in installing the product.
590 ## - LOCAL NOTE (RLIN)
Local note KA NTK
651 #4 - SUBJECT ADDED ENTRY--GEOGRAPHIC NAME
Geographic name United Kingdom
Chronological subdivision 1973-
690 ## - LOCAL SUBJECT ADDED ENTRY--TOPICAL TERM (OCLC, RLIN)
Topical term or geographic name as entry element BUILT ENVIRONMENT-BUILDING MATERIALS-METAL-LEAD
690 ## - LOCAL SUBJECT ADDED ENTRY--TOPICAL TERM (OCLC, RLIN)
Topical term or geographic name as entry element BUILT ENVIRONMENT-BUILDING ELEMENTS-COMPLETE BUILDING ELEMENTS-ROOFS
690 ## - LOCAL SUBJECT ADDED ENTRY--TOPICAL TERM (OCLC, RLIN)
Topical term or geographic name as entry element BUILT ENVIRONMENT-BUILDING MATERIALS
856 40 - ELECTRONIC LOCATION AND ACCESS
Uniform Resource Identifier <a href="https://www.leadsheet.co.uk/welcome">https://www.leadsheet.co.uk/welcome</a>
Public note View the website free of charge at www.leadsheet.co.uk
942 ## - ADDED ENTRY ELEMENTS (KOHA)
Suppress in OPAC 0
Holdings
Withdrawn status Lost status Source of classification or shelving scheme Damaged status Not for loan Home library Current library Shelving location Date acquired Total Checkouts Full call number Barcode Date last seen Copy number Price effective from Koha item type
    Dewey Decimal Classification     Virtual Virtual Online 12/08/2011   WEB-SITE 153647-2001 06/08/2019 1 06/08/2019 Online material